| 000 | 01580 a2200157 4500 | ||
|---|---|---|---|
| 003 | Nust | ||
| 005 | 20230119140105.0 | ||
| 040 | _cNust | ||
| 082 | _a355.33041,COM | ||
| 100 |
_aMartin Blumenson _9107116 |
||
| 245 |
_aCommand Decisions / _cKent Roberts Greenfield |
||
| 260 |
_aWashington _bArmy education press _c1990 |
||
| 300 | _avii: 565,p.; | ||
| 505 | _aGermany First The Basic Concept of Allied Strategy in World War II (Page-11), The German Decision to Invade Norway and Denmark (Page-49), Decision to land United States Forces in Iceland (Page-73), Japan Decision For War (Page-99), The Decision to Evacuate the Japanese from the Pacific Coast (Page-125), The Decision to Withdraw to Bataan (Page-151), The Decision to Invide North Africa (Page-173), U.S. Merchant Shipping and The British (Page-199), The Persian Corridor as a Route for AID to the USSR (Page-225), Overlord Versus the Mediterranean at The Cairo Theran Conferences (Page-253), Macarthur the Admiralties (Page-287), Hitters Discussions on the defense Italy (Page-303), General Lucas at Anzio (Page-323), General Clarke Decision to drive on Rome (Page-351), The 90 Division Gamble (Page-365), The Anvil Decision (Page-383), General Bradley’s Decision at Argentina (Page-401), Logistics and the Broad Front Strategy (Page-419), The discussion to the Lunch Operation Market (Page-429), The German Counteroffensive in the AIR Defiance (Page-443), Luzon Versus Formosa (Page-461), The Dission to Health at The Elbe (Page-479), The Decision to the Atomic Bomb (Page-493). | ||
| 942 |
_2ddc _cBK _k355.33041,COM |
||
| 999 |
_c193893 _d193893 |
||